000 00386cam a2200157ua 4500
041 _aeng
_h
082 _a581.31
_bSKO/PL
100 _aSkoog, Folke .
245 _aPlant Growth Substances /
_cFolke Skoog.
_hTextual Documents
250 _a1 /
_b.
260 _a :
_bUniversity of wisconsin press ,
_c1951.
300 _a476 ; .
504 _a
942 _cBK
999 _c3320
_d3320